Citizen and subject : contemporary Africa and the legacy of late colonialism
Αποθηκεύτηκε σε:
| Κύριος συγγραφέας: | |
|---|---|
| Μορφή: | Βιβλίο |
| Γλώσσα: | English |
| Δημοσίευση: |
Princeton, N.J. :
Princeton University Press,
c1996
|
| Σειρά: | Princeton studies in culture/power/history
|
| Θέματα: | |
| Ετικέτες: |
Προσθήκη ετικέτας
Δεν υπάρχουν, Καταχωρήστε ετικέτα πρώτοι!
|
MARC
| LEADER | 00000cam a2200000 i 4500 | ||
|---|---|---|---|
| 001 | 1/3873 | ||
| 008 | 100129s1996 eng d | ||
| 020 | |a 978-0-691-02793-7 (pbk.) | ||
| 020 | |a 0-691-02793-5 | ||
| 035 | |l 10106532 | ||
| 040 | |a GR-MY-UA |b gre |e aacr | ||
| 041 | 0 | |a eng | |
| 082 | 0 | |a 320.9609045 |2 (22) | |
| 100 | 1 | |a Mamdani, Mahmood, |d 1946- | |
| 245 | 1 | 0 | |a Citizen and subject : |b contemporary Africa and the legacy of late colonialism / |c Mahmood Mamdani |
| 260 | |a Princeton, N.J. : |b Princeton University Press, |c c1996 | ||
| 300 | |a xii, 353 σ.; |c 24 εκ. | ||
| 490 | 1 | |a Princeton studies in culture/power/history | |
| 504 | |a Περιέχει βιβλιογραφικές παραπομπές και ευρετήριο | ||
| 650 | 0 | 0 | |a Colonies |z Africa |y Administration. |
| 650 | 0 | 0 | |a Despotism |z Africa. |
| 650 | 0 | 0 | |a Democracy |z Africa. |
| 650 | 0 | 0 | |a Apartheid |z Africa. |
| 650 | 0 | 0 | |a Indigenous peoples |z Africa. |
| 651 | 0 | |a Africa |x Colonial influence. | |
| 651 | 0 | |a Africa |x Politics and government. | |
| 830 | 0 | |a Princeton studies in culture/power/history | |
| 852 | |a INST |b LESVOS |e 20100129 |h 320.9609045 MAM |p 005100045809 |q 005100045809 |t BK |y 0 | ||
| 901 | |a BIBL1-2010-1 | ||
| 909 | |a Λ |b 160699 | ||
| 970 | |a ΓΙΑΛΑΜΑ |b ΜΑΡΙΑ |z 2010/01/29 | ||